Dissertation research and writing for construction students (Record no. 114948)
[ view plain ]
| 000 -LEADER | |
|---|---|
| fixed length control field | 01103cad a2200253 4500 |
| 001 - CONTROL NUMBER | |
| control field | L157744 |
| 008 - FIXED-LENGTH DATA ELEMENTS--GENERAL INFORMATION | |
| fixed length control field | 130424n2013 000 0 eng u |
| 020 ## - INTERNATIONAL STANDARD BOOK NUMBER | |
| International Standard Book Number | 9780415538442 |
| 035 ## - SYSTEM CONTROL NUMBER | |
| System control number | (Sirsi) u157744 |
| 041 0# - LANGUAGE CODE | |
| Language code of text/sound track or separate title | eng |
| 050 04 - LIBRARY OF CONGRESS CALL NUMBER | |
| Classification number | 690.018 $2 18 |
| 100 1# - MAIN ENTRY--PERSONAL NAME | |
| Personal name | Naoum, S.G. |
| 245 00 - TITLE STATEMENT | |
| Title | Dissertation research and writing for construction students |
| 250 ## - EDITION STATEMENT | |
| Edition statement | 3rd ed. |
| 260 ## - PUBLICATION, DISTRIBUTION, ETC. | |
| Place of publication, distribution, etc. | Oxford |
| Name of publisher, distributor, etc. | Butterworth Heinemann |
| Date of publication, distribution, etc. | 2013 |
| 350 ## - PRICE (NR) (BK AM CF MU VM SE) [OBSOLETE] | |
| Price | 21.99 |
| 505 1# - FORMATTED CONTENTS NOTE | |
| Formatted contents note | Selecting a topic and writing the dissertation proposal -- Reviewing the literature -- Approaches to data collection -- Techniques for data collection -- Questionaire construction -- Measurements and probability -- Analysis of the results -- Structuring and writing the dissertation -- Dissertation supervision and assessment. |
| 520 ## - SUMMARY, ETC. | |
| Summary, etc. | Guide for built environment students covers research methodologies, writing tips and advice on what is expected of students. Includes case studies and examples of good practice. |
| 590 ## - LOCAL NOTE (RLIN) | |
| Local note | KA |
| 651 #4 - SUBJECT ADDED ENTRY--GEOGRAPHIC NAME | |
| Geographic name | United Kingdom |
| Chronological subdivision | |
| 690 ## - LOCAL SUBJECT ADDED ENTRY--TOPICAL TERM (OCLC, RLIN) | |
| Topical term or geographic name as entry element | BUILT ENVIRONMENT |
| 942 ## - ADDED ENTRY ELEMENTS (KOHA) | |
| Suppress in OPAC | 0 |
| Withdrawn status | Lost status | Source of classification or shelving scheme | Damaged status | Not for loan | Home library | Current library | Shelving location | Date acquired | Total Checkouts | Full call number | Barcode | Date last seen | Copy number | Price effective from | Koha item type |
|---|---|---|---|---|---|---|---|---|---|---|---|---|---|---|---|
| Dewey Decimal Classification | London | London | Books | 23/02/2016 | 690.018 NAO | 30075197 | 06/08/2019 | 2 | 06/08/2019 | Book |